000 01478cam a2200241 4500
001 7639
005 20181127184032.0
008 970402s1998 mauab b 001 0 eng
010 _a 97016349
020 _a0070693102 (acid-free paper)
082 0 0 _a363.11
_221
100 1 _aWentz, Charles A.
245 1 0 _aSafety, health, and environmental protection /
_cCharles A. Wentz.
260 _aBoston, Mass. :
_bWCB/McGraw-Hill,
_cc1998.
300 _axi, 468 p. :
_bill., maps ;
_c25 cm.
440 0 _aMcGraw-Hill series in water resources and environmental engineering
504 _aIncludes bibliographical references and index.
505 _aIntroduction to regulations and standards; risk perception and assessment; toxicology in the workplace; environmental protection; electrical hazards and protection; fire and explosion; hazards and protection; radiation hazards; noise hazards; hazard communication to employees; process operations; plant maintenance; management and engineering control; personal protective equipment; audits, incidents and emergencies.
_g
_r
_t
520 _aThis textbook integrates scientific and engineering principles with legislation, regulation, technology and business. It covers hazard characterization, assessment, prevention and control, and satisfies the ABET requirements for safety, health and environmental training
650 0 _aIndustrial hygiene.
650 0 _aIndustrial safety.
999 _c6545
_d6545